| 000 | 00893cam a22003015a 4500 | ||
|---|---|---|---|
| 001 | 015964837 | ||
| 003 | OSt | ||
| 005 | 20180114111719.0 | ||
| 008 | 111031s2012 enk frb 001 0 eng d | ||
| 015 |
_aGBB1C8942 _2bnb |
||
| 016 | 7 |
_a015964837 _2Uk |
|
| 020 | _a9781780762319 (pbk.) | ||
| 035 | _a(UkOxU)019382149 | ||
| 035 | _a(Uk)015964837 | ||
| 040 |
_aStDuBDS _beng _cStDuBDS _dUkOxU _dUk _dEG-ScBUE |
||
| 082 | 0 | 4 |
_a297.4 _bBAL _222 |
| 100 | 1 | _aBaldick, Julian. | |
| 245 | 1 | 0 |
_aMystical Islam : _ban introduction to Sufism / _cJulian Baldick. |
| 250 | _aNew pbk. ed. | ||
| 260 |
_aLondon ; _aNew York : _bI. B. Tauris, _c2012. |
||
| 300 |
_a218 p. ; _c20 cm. |
||
| 500 | _aPrevious ed. : London : Tauris, 1989. | ||
| 504 | _aIncludes bibliographical references and indexes. | ||
| 650 | 7 |
_aSufism. _2BUEsh |
|
| 651 | _2BUEsh | ||
| 653 |
_bBUSBOL _bGGEN _cJanuary2018 |
||
| 942 | _2ddc | ||
| 999 |
_c25936 _d25908 |
||